000 00213nam a22000977a 4500
003 SGT
245 _aEuropean Journal of Orthodontics
260 _bPeriodical Service Company
_c2004
300 _a640
942 _2ddc
_cBV
999 _c27414
_d27414